wielki test historii polski - Statystyki

Ogólne statystyki
  • Ten quiz został rozwiązany 278 razy
  • Średni wynik to 7 z 13
Statystyki odpowiedzi
Pytania Odpowiedzi % Poprawnych
Kiedy był chrzest Polski? 966
99%
Kiedy skończyła się 2 wojna światowa? 1945
90%
Kiedy rozpętała się 2 wojna światowa? 1939
87%
kiedy odbyły się wybory do Parlamentu Europejskiego? 2004
85%
Kiedy Polska wstąpiła do UE 2004
85%
w którym roku odbył się strajk nauczycieli? 2019
78%
Kiedy Niemcy stworzyli getto w Warszawie? 1940
76%
kiedy odbyła się bitwa pod Racławicami wygrana przez wojska Kościuszki? 1794
31%
kiedy powstał pierwszy Komitet Założycielskiego Wolnych Związków Zawodowych? 1978
27%
kiedy polska zajęła Moskwę? 1610
22%
kiedy papież Sylwester II ustanowił w Gnieźnie arcybiskupstwo? 999
21%
w którym roku Jan Matejko namalował Bitwę pod Grunwaldem? 1878
6%
kiedy powstał bank Polski ? 1828
3%
Nie znaleziono quizów pasujących do podanych kryteriów
Rozkład punktacji
Procent ludzi z każdym wynikiem
Percentyl według liczby udzielonych odpowiedzi
Twoja historia wyników
Nie rozwiązałeś tego quizu